000 00308cas a2200133 4500
008 150519n eng u
022 _a00121606
035 _a(Sirsi) a190083
050 _aQh 301
245 _aDevelopmental Biology
260 _aNew York
_bAcademic Press
310 _aQuarterly
520 _a
999 _c9700
_d9700